[Event "Sport Summer 2016"]
[Site "Paracin"]
[Date "2016.07.14"]
[Round "9.13"]
[White "Radovanovic, Mihajlo"]
[Black "Lajthajm, Borko"]
[Result "0-1"]
[BlackElo "2433"]
[WhiteElo "2362"]
[LiveChessVersion "1.4.8"]

1. Nf3 {[%clk 1:30:58]} d5 {[%clk 1:29:46]} 2. d4 {[%clk 1:31:22]} Nf6
{[%clk 1:29:57]} 3. c4 {[%clk 1:31:40]} e6 {[%clk 1:30:17]} 4. g3
{[%clk 1:32:06]} Bb4+ {[%clk 1:30:27]} 5. Bd2 {[%clk 1:32:26]} Be7
{[%clk 1:30:51]} 6. Bg2 {[%clk 1:32:47]} O-O {[%clk 1:31:08]} 7. O-O
{[%clk 1:33:09]} dxc4 {[%clk 1:31:31]} 8. Qc2 {[%clk 1:33:22]} Qd5
{[%clk 1:26:49]} 9. Nc3 {[%clk 1:23:20]} Qh5 {[%clk 1:27:00]} 10. Ne5
{[%clk 1:18:58]} Nc6 {[%clk 1:24:37]} 11. Nxc6 {[%clk 1:18:10]} bxc6
{[%clk 1:24:40]} 12. h3 {[%clk 1:05:24]} Rb8 {[%clk 1:22:59]} 13. g4
{[%clk 0:57:08]} Qg6 {[%clk 1:22:03]} 14. e4 {[%clk 0:52:03]} c5 {[%clk 1:20:13]}
15. Ne2 {[%clk 0:50:02]} h6 {[%clk 1:17:26]} 16. Nf4 {[%clk 0:45:10]} Qh7
{[%clk 1:17:45]} 17. dxc5 {[%clk 0:41:40]} Bb7 {[%clk 1:15:15]} 18. f3
{[%clk 0:37:25]} Bxc5+ {[%clk 1:15:19]} 19. Kh1 {[%clk 0:37:50]} Ba6
{[%clk 1:14:51]} 20. Qc1 {[%clk 0:30:56]} e5 {[%clk 1:12:46]} 21. Ne2
{[%clk 0:31:21]} c3 {[%clk 1:13:09]} 22. Nxc3 {[%clk 0:30:39]} Bxf1
{[%clk 1:13:34]} 23. Bxf1 {[%clk 0:31:00]} Bd4 {[%clk 1:13:57]} 24. Bc4
{[%clk 0:30:13]} Rfd8 {[%clk 1:12:30]} 25. Rb1 {[%clk 0:29:49]} Bxc3
{[%clk 1:12:44]} 26. Qxc3 {[%clk 0:27:18]} Nxe4 {[%clk 1:13:01]} 27. Bxf7+
{[%clk 0:26:46]} Kh8 {[%clk 1:13:25]} 0-1

[Event "Sport Summer 2016"]
[Site "Paracin"]
[Date "2016.07.14"]
[Round "9.14"]
[White "Radovic, Janko"]
[Black "Djordjevic, Vuk"]
[Result "0-1"]
[BlackElo "2415"]
[WhiteElo "2299"]
[LiveChessVersion "1.4.8"]

1. e4 {[%clk 1:30:58]} c5 {[%clk 1:30:55]} 2. Nf3 {[%clk 1:27:36]} d6
{[%clk 1:31:20]} 3. Bb5+ {[%clk 1:24:53]} Bd7 {[%clk 1:31:45]} 4. Bxd7+
{[%clk 1:24:27]} Nxd7 {[%clk 1:32:14]} 5. O-O {[%clk 1:23:34]} Ngf6
{[%clk 1:32:40]} 6. Re1 {[%clk 1:21:18]} e6 {[%clk 1:33:03]} 7. Nc3
{[%clk 1:18:10]} Be7 {[%clk 1:32:38]} 8. d3 {[%clk 1:15:51]} O-O {[%clk 1:32:04]}
9. e5 {[%clk 1:10:25]} dxe5 {[%clk 1:21:24]} 10. Nxe5 {[%clk 1:10:28]} Nxe5
{[%clk 1:21:13]} 11. Rxe5 {[%clk 1:10:53]} Qd4 {[%clk 1:21:07]} 12. Re1
{[%clk 1:09:16]} c4 {[%clk 1:11:31]} 13. dxc4 {[%clk 1:05:15]} Qxc4
{[%clk 1:11:10]} 14. Qe2 {[%clk 0:59:55]} Rac8 {[%clk 0:53:54]} 15. Be3
{[%clk 0:34:39]} a6 {[%clk 0:43:10]} 16. a3 {[%clk 0:34:48]} Rc6 {[%clk 0:38:56]}
17. Qxc4 {[%clk 0:30:00]} Rxc4 {[%clk 0:39:20]} 18. h3 {[%clk 0:28:46]} Rfc8
{[%clk 0:35:54]} 19. Red1 {[%clk 0:19:55]} b5 {[%clk 0:26:25]} 20. g3
{[%clk 0:11:52]} h6 {[%clk 0:13:51]} 21. Kg2 {[%clk 0:11:28]} Kh7
{[%clk 0:13:49]} 22. Rd4 {[%clk 0:09:36]} R4c6 {[%clk 0:13:34]} 23. Rd3
{[%clk 0:09:48]} Kg6 {[%clk 0:12:19]} 24. Bd2 {[%clk 0:08:22]} Ne8
{[%clk 0:09:56]} 25. a4 {[%clk 0:05:04]} b4 {[%clk 0:08:18]} 26. Na2
{[%clk 0:04:16]} Rxc2 {[%clk 0:08:43]} 27. Bxb4 {[%clk 0:04:17]} Bxb4 28. Nxb4
{[%clk 0:04:46]} Rxb2 {[%clk 0:08:58]} 29. Rd4 {[%clk 0:05:14]} e5
{[%clk 0:04:15]} 30. Rg4+ {[%clk 0:04:42]} Kh7 {[%clk 0:04:32]} 31. Nd3
{[%clk 0:03:51]} Re2 {[%clk 0:04:30]} 32. Kf1 {[%clk 0:03:21]} Rcc2
{[%clk 0:03:53]} 33. Re1 {[%clk 0:03:48]} Red2 {[%clk 0:03:42]} 34. Rxe5
{[%clk 0:03:40]} Nd6 {[%clk 0:01:19]} 35. Rd4 {[%clk 0:00:43]} Nc4
{[%clk 0:01:23]} 36. Ree4 {[%clk 0:00:46]} Nb2 {[%clk 0:00:44]} 37. Ne1
{[%clk 0:00:41]} Rxf2+ {[%clk 0:00:59]} 38. Kg1 {[%clk 0:01:09]} Rcd2
{[%clk 0:01:05]} 39. Rxd2 {[%clk 0:00:54]} Rxd2 {[%clk 0:01:33]} 40. Rb4
{[%clk 0:00:46]} Rd1 {[%clk 0:00:57]} 41. Rxb2 {[%clk 0:00:58]} Rxe1+
{[%clk 0:01:26]} 42. Kf2 {[%clk 0:01:26]} Re4 {[%clk 0:01:51]} 43. Ra2
{[%clk 0:01:27]} a5 {[%clk 0:02:17]} 44. Kf3 {[%clk 0:01:49]} Rb4
{[%clk 0:02:38]} 45. Ra3 {[%clk 0:02:11]} h5 {[%clk 0:02:16]} 46. Kf2
{[%clk 0:00:55]} h4 {[%clk 0:02:05]} 47. g4 {[%clk 0:00:41]} Kg6 {[%clk 0:02:11]}
48. Kg2 {[%clk 0:00:38]} Kg5 {[%clk 0:02:26]} 49. Ra2 {[%clk 0:00:47]} f6
{[%clk 0:02:31]} 50. Ra3 {[%clk 0:00:33]} Rb2+ {[%clk 0:02:52]} 51. Kf3
{[%clk 0:00:44]} Rb4 {[%clk 0:02:08]} 52. Kg2 {[%clk 0:00:44]} Kf4
{[%clk 0:01:42]} 53. Ra2 {[%clk 0:01:06]} Ke3 {[%clk 0:01:40]} 54. Ra3+
{[%clk 0:00:59]} Kd2 {[%clk 0:01:43]} 55. Ra2+ {[%clk 0:00:32]} Kc3
{[%clk 0:02:03]} 56. Re2 {[%clk 0:00:49]} Rb3 0-1

[Event "Sport Summer 2016"]
[Site "Paracin"]
[Date "2016.07.14"]
[Round "9.15"]
[White "Obodchuk, Andrei"]
[Black "Krstulovic, Alex"]
[Result "1-0"]
[BlackElo "2280"]
[WhiteElo "2395"]
[LiveChessVersion "1.4.8"]

1. e4 {[%clk 1:30:30]} c5 {[%clk 1:30:30]} 2. Nf3 {[%clk 1:30:30]} d6
{[%clk 1:30:30]} 3. d4 {[%clk 1:30:30]} cxd4 {[%clk 1:30:30]} 4. Nxd4
{[%clk 1:30:30]} Nf6 {[%clk 1:30:30]} 5. Nc3 {[%clk 1:30:30]} a6 6. Bg5 Nbd7 7.
f4 Qc7 8. Qe2 h6 9. Bxf6 gxf6 10. O-O-O e6 11. f5 Ne5 12. Qh5 Ke7 13. Be2 Qc5 14.
Qh3 h5 15. Kb1 Bh6 16. Rhf1 Bg5 17. Nf3 Nxf3 18. Bxf3 Bd7 19. Bxh5 b5 20. fxe6
fxe6 21. e5 dxe5 22. Ne4 Qe3 23. Nxf6 Bc6 24. Ng8+ 1-0

[Event "Sport Summer 2016"]
[Site "Paracin"]
[Date "2016.07.14"]
[Round "9.16"]
[White "Brankovic, Dejan"]
[Black "Todorovic, Nenad I"]
[Result "1/2-1/2"]
[BlackElo "2306"]
[WhiteElo "2353"]
[LiveChessVersion "1.4.8"]

1. e4 {[%clk 1:30:58]} c5 {[%clk 1:30:12]} 2. Nf3 {[%clk 1:31:21]} d6
{[%clk 1:30:12]} 3. d4 {[%clk 1:31:16]} cxd4 {[%clk 1:29:59]} 4. Nxd4
{[%clk 1:31:44]} Nf6 {[%clk 1:30:14]} 5. Nc3 {[%clk 1:32:02]} a6 {[%clk 1:30:36]}
6. Bg5 {[%clk 1:31:09]} e6 {[%clk 1:29:47]} 7. f4 {[%clk 1:31:24]} h6
{[%clk 1:29:58]} 8. Bh4 {[%clk 1:31:20]} Be7 {[%clk 1:29:52]} 9. Qf3
{[%clk 1:30:43]} Nbd7 {[%clk 1:29:42]} 10. O-O-O {[%clk 1:30:15]} Qc7
{[%clk 1:29:14]} 11. Be2 {[%clk 1:24:38]} O-O {[%clk 1:23:12]} 12. Qg3
{[%clk 1:10:28]} Nc5 {[%clk 1:09:03]} 13. Bf3 {[%clk 0:59:02]} e5
{[%clk 1:07:37]} 14. Nf5 {[%clk 0:35:16]} Bxf5 {[%clk 1:01:47]} 15. exf5
{[%clk 0:35:41]} Ncd7 {[%clk 0:58:49]} 16. Rd2 {[%clk 0:31:35]} Rfe8
{[%clk 0:44:41]} 17. fxe5 {[%clk 0:30:00]} dxe5 {[%clk 0:44:10]} 18. Rhd1
{[%clk 0:28:04]} Rad8 {[%clk 0:27:31]} 19. Nd5 {[%clk 0:22:04]} Nxd5
{[%clk 0:25:51]} 20. Rxd5 {[%clk 0:22:18]} Bxh4 {[%clk 0:22:42]} 21. Qxh4
{[%clk 0:21:34]} Nf6 {[%clk 0:21:48]} 22. Rxd8 {[%clk 0:19:30]} Rxd8
{[%clk 0:19:52]} 23. Rxd8+ {[%clk 0:19:41]} Qxd8 {[%clk 0:20:19]} 24. Bxb7
{[%clk 0:17:01]} Qb6 {[%clk 0:17:44]} 25. Bf3 {[%clk 0:17:04]} e4
{[%clk 0:15:39]} 26. Be2 {[%clk 0:14:59]} Qg1+ {[%clk 0:11:42]} 27. Kd2
{[%clk 0:14:08]} Qd4+ {[%clk 0:09:56]} 28. Kc1 {[%clk 0:11:55]} Qg1+
{[%clk 0:04:54]} 29. Kd2 {[%clk 0:12:17]} Qd4+ {[%clk 0:02:23]} 30. Kc1
{[%clk 0:12:18]} Qg1+ {[%clk 0:00:53]} 1/2-1/2

[Event "Sport Summer 2016"]
[Site "Paracin"]
[Date "2016.07.14"]
[Round "9.17"]
[White "Pantelic, Sasa"]
[Black "Topalov, Aleksandar"]
[Result "1/2-1/2"]
[BlackElo "2250"]
[WhiteElo "2340"]
[LiveChessVersion "1.4.8"]

1. d4 {[%clk 1:29:01]} Nf6 {[%clk 1:30:32]} 2. c4 {[%clk 1:29:21]} e6
{[%clk 1:30:53]} 3. Nc3 {[%clk 1:29:45]} d5 {[%clk 1:31:19]} 4. cxd5
{[%clk 1:30:09]} exd5 {[%clk 1:31:42]} 5. Bg5 {[%clk 1:30:29]} c6
{[%clk 1:32:04]} 6. e3 {[%clk 1:30:51]} Be7 {[%clk 1:32:27]} 7. Bd3
{[%clk 1:31:14]} O-O {[%clk 1:32:51]} 8. Nf3 {[%clk 1:31:33]} Nbd7
{[%clk 1:33:12]} 9. O-O {[%clk 1:31:44]} Re8 {[%clk 1:33:35]} 10. Qc2
{[%clk 1:32:07]} Nf8 {[%clk 1:33:57]} 11. Rab1 {[%clk 1:32:27]} a5
{[%clk 1:34:21]} 12. a3 {[%clk 1:32:48]} Ne4 {[%clk 1:34:38]} 13. Bxe7
{[%clk 1:33:07]} Qxe7 {[%clk 1:35:02]} 14. Bxe4 {[%clk 1:33:09]} dxe4
{[%clk 1:35:25]} 15. Nd2 {[%clk 1:33:35]} f5 {[%clk 1:35:36]} 16. b4
{[%clk 1:33:52]} axb4 {[%clk 1:35:55]} 17. axb4 {[%clk 1:34:15]} Be6
{[%clk 1:36:09]} 18. b5 {[%clk 1:34:22]} Rad8 {[%clk 1:36:11]} 19. bxc6
{[%clk 1:34:41]} bxc6 {[%clk 1:36:37]} 20. Ne2 {[%clk 1:34:48]} Bd5
{[%clk 1:37:02]} 21. Nf4 {[%clk 1:35:09]} 1/2-1/2

[Event "Sport Summer 2016"]
[Site "Paracin"]
[Date "2016.07.14"]
[Round "9.18"]
[White "Burcu, Cagatay"]
[Black "Tosic, Srecko"]
[Result "0-1"]
[BlackElo "2340"]
[WhiteElo "2260"]
[LiveChessVersion "1.4.8"]

1. d4 {[%clk 1:25:17]} c5 {[%clk 1:30:55]} 2. d5 {[%clk 1:25:39]} e5
{[%clk 1:31:15]} 3. e4 {[%clk 1:24:11]} d6 {[%clk 1:31:39]} 4. Nc3
{[%clk 1:23:35]} Be7 {[%clk 1:31:44]} 5. Nf3 {[%clk 1:22:17]} Nf6
{[%clk 1:31:12]} 6. h3 {[%clk 1:22:28]} Nbd7 {[%clk 1:31:12]} 7. g3
{[%clk 1:20:25]} O-O {[%clk 1:30:24]} 8. Bg2 {[%clk 1:17:07]} b5 {[%clk 1:28:33]}
9. Nh2 {[%clk 1:08:45]} b4 {[%clk 1:24:20]} 10. Ne2 {[%clk 1:09:08]} a5
{[%clk 1:23:51]} 11. O-O {[%clk 1:04:19]} Ba6 {[%clk 1:21:39]} 12. Be3
{[%clk 1:00:59]} Nb6 {[%clk 1:16:53]} 13. Re1 {[%clk 0:56:05]} Ne8
{[%clk 1:11:40]} 14. f4 {[%clk 0:49:56]} Nc4 {[%clk 1:11:05]} 15. Bc1
{[%clk 0:50:16]} exf4 {[%clk 1:10:37]} 16. gxf4 {[%clk 0:49:16]} Bf6
{[%clk 1:10:48]} 17. c3 {[%clk 0:45:39]} Ra7 {[%clk 0:54:40]} 18. Ng4
{[%clk 0:37:52]} Bh4 {[%clk 0:54:06]} 19. Rf1 {[%clk 0:38:15]} f5
{[%clk 0:53:09]} 20. exf5 {[%clk 0:37:36]} Re7 {[%clk 0:49:31]} 21. b3
{[%clk 0:36:08]} Nb2 {[%clk 0:47:21]} 22. Bxb2 {[%clk 0:36:14]} Bxe2
{[%clk 0:44:42]} 23. Qc2 {[%clk 0:36:34]} Bxf1 {[%clk 0:43:17]} 24. Rxf1
{[%clk 0:35:51]} Qd7 {[%clk 0:42:19]} 25. cxb4 {[%clk 0:34:17]} axb4
{[%clk 0:42:08]} 26. Ne5 {[%clk 0:33:25]} Qxf5 {[%clk 0:40:19]} 27. Be4
{[%clk 0:32:00]} Qh5 {[%clk 0:40:40]} 28. Bf3 {[%clk 0:28:09]} Qh6
{[%clk 0:39:19]} 29. Nc6 {[%clk 0:27:42]} Ref7 {[%clk 0:39:06]} 30. Bc1
{[%clk 0:27:24]} Nf6 {[%clk 0:36:56]} 31. Qg2 {[%clk 0:26:46]} g6
{[%clk 0:31:47]} 32. Ne5 {[%clk 0:27:08]} dxe5 {[%clk 0:29:01]} 33. fxe5
{[%clk 0:26:17]} g5 {[%clk 0:28:19]} 34. d6 {[%clk 0:26:17]} Ne4 {[%clk 0:26:08]}
35. Qg4 {[%clk 0:24:14]} Bf2+ {[%clk 0:23:08]} 36. Rxf2 {[%clk 0:24:31]} Nxf2
{[%clk 0:23:34]} 37. Qc4 {[%clk 0:24:48]} Qxh3 {[%clk 0:19:26]} 38. Bg2
{[%clk 0:25:08]} Qg3 {[%clk 0:19:20]} 39. Bf4 {[%clk 0:20:17]} Nh3+
{[%clk 0:19:14]} 0-1

[Event "Sport Summer 2016"]
[Site "Paracin"]
[Date "2016.07.14"]
[Round "9.19"]
[White "Ardeleanu, Alin"]
[Black "Kaufeld, Juergen"]
[Result "1/2-1/2"]
[BlackElo "2271"]
[WhiteElo "2338"]
[LiveChessVersion "1.4.8"]

1. e4 c5 2. Nf3 d6 3. Bb5+ Nd7 4. d4 cxd4 5. Qxd4 a6 6. Bxd7+ Bxd7 7. O-O e5 8.
Qd3 h6 9. c4 b5 10. Nc3 bxc4 11. Qxc4 Qc8 12. Qd3 Nf6 13. Nd2 Be6 14. b3 Be7 15.
Nc4 Bxc4 16. bxc4 Qc6 17. Nd5 Rc8 18. Qg3 g5 19. Qf3 Nd7 20. Be3 Qa4 21. Qf5 Rxc4
22. Rfc1 Bd8 23. Rxc4 Qxc4 24. Rc1 Qxa2 25. h4 gxh4 26. Nc7+ Ke7 27. Nd5+ Ke8 28.
Rc8 Qb1+ 29. Kh2 Qb7 30. Nf6+ Ke7 31. Nd5+ Ke8 32. Nf6+ Ke7 33. Nd5+ Ke8 34. Rc1
Qb3 35. Rc6 Nb8 1/2-1/2

[Event "Sport Summer 2016"]
[Site "Paracin"]
[Date "2016.07.14"]
[Round "9.20"]
[White "Yurtseven, Melih"]
[Black "Maksimovic, Bojan"]
[Result "1/2-1/2"]
[BlackElo "2131"]
[WhiteElo "2318"]
[LiveChessVersion "1.4.8"]

1. e4 {[%clk 1:30:55]} c5 {[%clk 1:30:46]} 2. Nf3 {[%clk 1:31:15]} e6
{[%clk 1:31:11]} 3. d4 {[%clk 1:30:32]} cxd4 {[%clk 1:31:34]} 4. Nxd4
{[%clk 1:30:56]} a6 {[%clk 1:32:00]} 5. Nc3 {[%clk 1:31:04]} Qc7 {[%clk 1:32:18]}
6. g3 {[%clk 1:31:08]} Nc6 {[%clk 1:31:35]} 7. Bg2 {[%clk 1:31:02]} Nf6
{[%clk 1:30:31]} 8. O-O {[%clk 1:30:40]} Be7 {[%clk 1:28:04]} 9. Nb3
{[%clk 1:27:26]} O-O {[%clk 1:27:26]} 10. f4 {[%clk 1:27:13]} d6 {[%clk 1:27:19]}
11. g4 {[%clk 1:27:25]} Re8 {[%clk 1:18:22]} 12. g5 {[%clk 1:25:15]} Nd7
{[%clk 1:17:35]} 13. Rf3 {[%clk 1:02:02]} b5 {[%clk 1:09:08]} 14. a3
{[%clk 1:02:23]} Bb7 {[%clk 1:06:53]} 15. Rh3 {[%clk 1:02:21]} Nf8
{[%clk 1:05:57]} 16. Be3 {[%clk 0:49:34]} Rac8 {[%clk 1:01:25]} 17. Qe2
{[%clk 0:44:34]} b4 {[%clk 0:54:34]} 18. axb4 {[%clk 0:43:19]} Nxb4
{[%clk 0:53:49]} 19. Qf2 {[%clk 0:43:34]} f6 {[%clk 0:48:21]} 20. Rf1
{[%clk 0:40:42]} e5 {[%clk 0:44:05]} 21. Bb6 {[%clk 0:28:18]} Qb8
{[%clk 0:35:04]} 22. fxe5 {[%clk 0:27:53]} dxe5 {[%clk 0:35:16]} 23. Bc5
{[%clk 0:26:07]} Rc7 {[%clk 0:16:11]} 24. gxf6 {[%clk 0:23:28]} Bxc5
{[%clk 0:15:35]} 25. Nxc5 {[%clk 0:23:46]} Rf7 {[%clk 0:15:32]} 26. Rf3
{[%clk 0:16:17]} g6 {[%clk 0:15:13]} 27. Nxb7 {[%clk 0:14:45]} Qxb7
{[%clk 0:15:35]} 28. Nd5 {[%clk 0:14:48]} Nxd5 {[%clk 0:15:00]} 29. exd5
{[%clk 0:15:16]} e4 {[%clk 0:14:42]} 30. Re3 {[%clk 0:12:21]} Qxd5
{[%clk 0:14:02]} 31. Rfe1 {[%clk 0:12:49]} Qg5 {[%clk 0:13:57]} 32. h4
{[%clk 0:08:34]} Qxf6 {[%clk 0:13:57]} 33. Qxf6 {[%clk 0:09:01]} Rxf6
{[%clk 0:14:26]} 34. Rxe4 {[%clk 0:09:28]} Rxe4 {[%clk 0:14:12]} 35. Rxe4
{[%clk 0:09:56]} Rd6 {[%clk 0:13:02]} 36. c4 {[%clk 0:04:37]} Rd1+
{[%clk 0:11:52]} 37. Kh2 {[%clk 0:05:05]} Rc1 {[%clk 0:12:12]} 38. Re7
{[%clk 0:04:48]} h5 {[%clk 0:07:39]} 39. Bd5+ {[%clk 0:03:41]} Kh8
{[%clk 0:08:01]} 40. b4 {[%clk 0:04:09]} Nh7 {[%clk 0:07:17]} 41. Re6
{[%clk 0:04:18]} Kg7 {[%clk 0:07:10]} 42. Rxa6 {[%clk 0:03:47]} Nf6
{[%clk 0:07:40]} 43. Be6 {[%clk 0:02:31]} Ne4 {[%clk 0:07:36]} 44. c5
{[%clk 0:02:08]} Nxc5 {[%clk 0:07:00]} 45. bxc5 {[%clk 0:02:35]} Rxc5
{[%clk 0:07:26]} 46. Kg3 {[%clk 0:02:06]} g5 {[%clk 0:07:32]} 47. hxg5
{[%clk 0:02:19]} Rxg5+ {[%clk 0:08:01]} 48. Kf4 {[%clk 0:02:47]} Rb5
{[%clk 0:06:56]} 49. Bf5 {[%clk 0:02:56]} Rb7 {[%clk 0:06:48]} 50. Kg5
{[%clk 0:02:57]} Rc7 {[%clk 0:06:27]} 51. Rh6 {[%clk 0:02:58]} Re7
{[%clk 0:06:33]} 52. Rxh5 {[%clk 0:01:25]} Kf7 {[%clk 0:06:53]} 53. Rh7+
{[%clk 0:01:01]} Kf8 {[%clk 0:07:23]} 54. Rh8+ {[%clk 0:01:22]} Kg7
{[%clk 0:07:53]} 55. Rh1 {[%clk 0:01:37]} Kf7 {[%clk 0:08:11]} 56. Ra1
{[%clk 0:00:40]} Kg7 {[%clk 0:08:30]} 57. Ra6 {[%clk 0:00:52]} Kf7
{[%clk 0:08:38]} 58. Rb6 {[%clk 0:00:42]} Kg7 {[%clk 0:09:00]} 59. Be6
{[%clk 0:00:40]} Rc7 {[%clk 0:08:11]} 60. Bd5 {[%clk 0:00:56]} Kf8
{[%clk 0:07:01]} 61. Kf6 {[%clk 0:01:01]} Rf7+ {[%clk 0:07:30]} 62. Ke5
{[%clk 0:01:30]} Re7+ {[%clk 0:07:30]} 63. Be6 {[%clk 0:01:45]} Kg7
{[%clk 0:07:32]} 64. Rb1 {[%clk 0:02:09]} Kf8 {[%clk 0:02:54]} 65. Rf1+
{[%clk 0:01:41]} Kg7 {[%clk 0:02:33]} 66. Rg1+ {[%clk 0:01:53]} Kh8
{[%clk 0:02:18]} 67. Kf6 {[%clk 0:01:13]} Rg7 {[%clk 0:02:44]} 68. Rb1
{[%clk 0:00:36]} Rg6+ {[%clk 0:03:10]} 69. Kf5 {[%clk 0:00:58]} Kh7
{[%clk 0:01:46]} 70. Rb7+ {[%clk 0:00:51]} Rg7 {[%clk 0:01:44]} 71. Rb6
{[%clk 0:00:43]} Rg6 {[%clk 0:01:39]} 72. Rb3 {[%clk 0:01:07]} Rg1
{[%clk 0:01:25]} 73. Kf6 {[%clk 0:01:08]} Rg6+ {[%clk 0:00:57]} 74. Ke5
{[%clk 0:01:37]} Kh6 {[%clk 0:01:06]} 75. Rh3+ {[%clk 0:00:54]} Kg5
{[%clk 0:01:32]} 76. Rh1 {[%clk 0:00:47]} Rg7 {[%clk 0:01:58]} 77. Rf1
{[%clk 0:00:36]} Rg6 {[%clk 0:02:08]} 78. Rf5+ {[%clk 0:00:39]} Kg4
{[%clk 0:02:03]} 79. Rf6+ {[%clk 0:00:35]} Kg5 {[%clk 0:02:29]} 80. Rf2
{[%clk 0:00:38]} Rg7 {[%clk 0:02:56]} 81. Bf7 {[%clk 0:00:36]} Kh6
{[%clk 0:02:52]} 82. Kf6 {[%clk 0:00:35]} Rg6+ {[%clk 0:03:19]} 83. Ke7
{[%clk 0:00:48]} Rg3 {[%clk 0:02:11]} 84. Rf5 {[%clk 0:00:55]} Kg7
{[%clk 0:02:14]} 85. Rh5 {[%clk 0:00:37]} Rg4 {[%clk 0:02:25]} 86. Rh1
{[%clk 0:00:43]} Rg3 {[%clk 0:02:43]} 87. Be6 {[%clk 0:00:40]} Rg5
{[%clk 0:03:06]} 88. Rf1 {[%clk 0:00:51]} Rg6 {[%clk 0:03:13]} 89. Rf7+
{[%clk 0:00:38]} Kh6 {[%clk 0:03:33]} 90. Rf8 {[%clk 0:00:38]} Kg7
{[%clk 0:03:52]} 91. Rb8 {[%clk 0:00:34]} Rg5 {[%clk 0:04:15]} 92. Ra8
{[%clk 0:00:38]} Rg6 {[%clk 0:04:38]} 93. Kd6 {[%clk 0:00:35]} Kf6
{[%clk 0:04:31]} 94. Rf8+ {[%clk 0:00:41]} Kg5 {[%clk 0:04:11]} 95. Ke5
{[%clk 0:00:51]} Rg7 {[%clk 0:04:35]} 96. Rf1 {[%clk 0:00:55]} Rg6
{[%clk 0:04:53]} 97. Bf7 {[%clk 0:01:08]} Rg7 {[%clk 0:05:17]} 98. Ke6
{[%clk 0:01:02]} Kh6 {[%clk 0:05:21]} 99. Rh1+ {[%clk 0:00:32]} Kg5
{[%clk 0:05:46]} 100. Rh2 {[%clk 0:00:44]} Kf4 {[%clk 0:06:06]} 101. Kf6
{[%clk 0:01:00]} Rg3 {[%clk 0:06:28]} 1/2-1/2

[Event "International Championship of Central Se"]
[Site "Paracin, hotel "]
[Date "2016.07.14"]
[Round "9.22"]
[White "Jovanovic, Bojan P"]
[Black "Ivic, Velimir"]
[Result "0-1"]
[WhiteElo "2246"]
[BlackElo "2315"]
[PlyCount "130"]
[EventDate "2016.07.07"]

1. d4 Nf6 2. Bf4 c5 3. d5 Qb6 4. Bc1 g6 5. Nc3 Bg7 6. Nf3 O-O 7. e4 d6 8. Nd2
e5 9. Be2 Ne8 10. O-O Nd7 11. Nc4 Qd8 12. a4 f5 13. exf5 gxf5 14. f4 e4 15. Nb5
Ndf6 16. Ne3 Qe7 17. Bd2 Qf7 18. Bc3 a6 19. Na3 Nc7 20. Bc4 b6 21. b4 b5 22.
axb5 cxb4 23. Bxb4 axb5 24. Bb3 Na6 25. Bxd6 Qa7 26. Qd2 Ng4 27. Bxf8 Kxf8 28.
Nxb5 Qxe3+ 29. Qxe3 Nxe3 30. Rfb1 Bxa1 31. Rxa1 Bb7 32. Nd6 Nb4 33. Re1 Nexc2
34. Bxc2 Bxd5 35. Bb1 Ra1 36. Kf2 e3+ 37. Kxe3 Ba2 38. Nxf5 Bxb1 39. Nd4 Ra3+
40. Ke2 Be4 41. Kf1 Bd5 42. Kg1 Ra2 43. Re2 Ra1+ 44. Kf2 Rd1 45. Ne6+ Kf7 46.
Ng5+ Kg6 47. Nf3 Kf5 48. Re5+ Kf6 49. Re2 Nd3+ 50. Ke3 Nc5 51. Ne5 Ne6 52. Ng4+
Kf5 53. Nf2 Ra1 54. g4+ Kf6 55. f5 Ra3+ 56. Kd2 Nf4 57. Re8 Ra2+ 58. Ke1 Bf7
59. Ne4+ Kg7 60. Re7 Kf8 61. f6 Re2+ 62. Kf1 Bc4 63. Kg1 Rg2+ 64. Kh1 Bd5 65.
Nc3 Re2+ 0-1

[Event "International Championship of Central Se"]
[Site "Paracin, hotel "]
[Date "2016.07.14"]
[Round "9.23"]
[White "Cvetkovic, Srdjan"]
[Black "Trifunovic, Miroljub"]
[Result "1-0"]
[WhiteElo "2306"]
[BlackElo "2209"]
[PlyCount "62"]
[EventDate "2016.07.07"]

1. c4 Nf6 2. Nc3 g6 3. g3 Bg7 4. Bg2 O-O 5. d3 c6 6. e4 e5 7. Nge2 d6 8. O-O a5
9. h3 Nh5 10. g4 Nf6 11. Be3 h5 12. f3 Be6 13. g5 Nh7 14. Qd2 Na6 15. b3 Rb8
16. Rac1 f6 17. gxf6 Nxf6 18. f4 Qd7 19. Kh2 b5 20. cxb5 cxb5 21. d4 b4 22. Na4
exf4 23. Nxf4 Bf7 24. e5 Nh7 25. Rc6 dxe5 26. Nxg6 exd4 27. Nxf8 Nxf8 28. Bh6
Nc7 29. Bxg7 Kxg7 30. Qg5+ Ng6 31. Qf6+ Kg8 1-0

[Event "International Championship of Central Se"]
[Site "Paracin, hotel "]
[Date "2016.07.14"]
[Round "9.24"]
[White "Perovic, Zivojin"]
[Black "Dimitrov, Vladimir"]
[Result "0-1"]
[WhiteElo "2219"]
[BlackElo "2413"]
[PlyCount "64"]
[EventDate "2016.07.07"]

1. e4 c5 2. Nf3 e6 3. c4 Nc6 4. Nc3 e5 5. d3 g6 6. Be2 Bg7 7. O-O Nge7 8. Be3
d6 9. h3 O-O 10. Qd2 f5 11. exf5 gxf5 12. Bh6 Ng6 13. Bxg7 Kxg7 14. Nd5 Be6 15.
a3 h6 16. Nc3 Qd7 17. Rfe1 Rf7 18. Bd1 Rg8 19. Kh2 Kh7 20. Rg1 Nd4 21. Nxd4
cxd4 22. Na2 b5 23. b3 d5 24. cxb5 e4 25. Bh5 f4 26. Bxg6+ Rxg6 27. Qb4 f3 28.
Qxd4 Rfg7 29. gxf3 Qc7+ 30. Kh1 Qf4 31. Qe3 Qh4 32. fxe4 Bxh3 0-1

[Event "International Championship of Central Se"]
[Site "Paracin, hotel "]
[Date "2016.07.14"]
[Round "9.25"]
[White "Rabrenovic, Vladan"]
[Black "Ozturk, Kubra"]
[Result "0-1"]
[WhiteElo "2369"]
[BlackElo "2249"]
[PlyCount "116"]
[EventDate "2016.07.07"]

1. d4 Nf6 2. Nf3 e6 3. e3 c5 4. Bd3 d5 5. c3 Nbd7 6. Ne5 cxd4 7. exd4 Nxe5 8.
dxe5 Nd7 9. Qe2 Qc7 10. Bf4 f6 11. Bb5 a6 12. Bxd7+ Bxd7 13. Bg3 f5 14. Nd2 Be7
15. h4 O-O 16. Bf4 Bb5 17. Qf3 Rad8 18. Nb3 d4 19. Nxd4 Rxd4 20. cxd4 Qc2 21.
Bd2 Bc6 22. Qc3 Qe4+ 23. Qe3 Qxg2 24. O-O-O Qd5 25. Kb1 f4 26. Qh3 Qe4+ 27. Ka1
Bd5 28. Qc3 Qe2 29. Rhg1 Bxh4 30. Qc7 g6 31. Bb4 Rf7 32. Qb8+ Kg7 33. Rc1 Qxf2
34. Rgd1 a5 35. Bxa5 Qe2 36. Bb4 f3 37. Rh1 f2 38. Rhf1 Bg2 39. d5 Qxf1 40.
Rxf1 Bxf1 41. Bc5 Ba6 42. Bxf2 Rxf2 43. b4 Rf8 44. Qc7+ Rf7 45. Qc5 Bf2 46. Qc3
Be1 47. Qb3 Rf1 48. Kb2 Rf2+ 49. Ka3 Be2 50. Ka4 b5+ 51. Ka5 Bc4 52. Qb1 Rxa2+
53. Kb6 Bf2+ 54. Kc6 Ra6+ 55. Kb7 Rb6+ 56. Kc7 Bxd5 57. Qf1 Rb7+ 58. Kd6 Bh4
0-1

[Event "International Championship of Central Se"]
[Site "Paracin, hotel "]
[Date "2016.07.14"]
[Round "9.26"]
[White "Sahin, Ozgun"]
[Black "Blazeka, Matej"]
[Result "1/2-1/2"]
[WhiteElo "2042"]
[BlackElo "2328"]
[PlyCount "42"]
[EventDate "2016.07.07"]

1. e4 c6 2. d4 d5 3. Nc3 dxe4 4. Nxe4 Nf6 5. Nxf6+ exf6 6. Nf3 Bd6 7. Be2 O-O
8. O-O Be6 9. Be3 Qc7 10. c4 Rd8 11. h3 Na6 12. Qa4 Qc8 13. Rac1 Nc7 14. Rfd1
Qd7 15. Qa5 b6 16. Qc3 b5 17. Ne5 Qe8 18. Nxc6 Qxc6 19. d5 Nxd5 20. cxd5 Qxc3
21. Rxc3 Bd7 1/2-1/2